000 00517nam a2200169Ia 4500
008 140925s9999 xx 000 0 und d
020 _a1234-3425
245 _aInternational Journal of School and Cognitive Psychology /
_h[electronic resource]
260 _bOMICS Group,
_cc2008.
516 _aElectronic text
650 _aCognitive.
650 _aPsychology.
830 _aOMICS GroupĀ 
856 _uhttp://omicsonline.com/open-access/school-cognitive-psychology.php
942 _cEJ
999 _c275630
_d275630